00976nam a2200253Ia 4500003000400000005001700004008004100021020001500062040001800077041000800095082002000103100002900123245010200152250001200254260006700266300003000333650003100363650004400394650002800438700003200466942002900498999001900527952017600546OSt20251031115855.0210716s2004 xx 000 0 und d a8173660905 cAIMIT LIBRARY aeng a005.8 21bCONR aConway, Richard.9243356 aCode hacking : bdevelopers guide to network security /cBy Richard Conway and Julian Cordingley. a1st ed. aMumbai :bShroff Publishers and Distributors Pvt Ltd ,c2004. axiii,386p. ;bPBc23.7 cm aTools of the trade9243357 aEncrption and password cracking9243358 aPassive defense9243359 aCordingley, Julian.9243360 2ddccBKe1stk005.8 CONR c187197d187197 00102ddc40708MCAaAIMITbAIMITeIntel Book Distributorsg400.00iBill no:2005/crb/0001117; Bill dl0o005.8 CONRpMCA06705r2025-07-21 00:00:00v320.00w2021-07-16yBK